000 00605nam a2200217 4500
003 OSt
005 20240614022706.0
006 a
008 240614b |||||||| |||| 00| 0 eng d
020 _a1579590136
040 _aDWCL-HMN lib.
_cOC
082 _aCirc. 641.5994 W364f 1997
100 _aWeb, Martin
245 _aFusions : a new look at australian cooking /
260 _aAustralia :
_bRandom House,
_cc1997.
300 _b160 p. : col. ill. ;
_c25 cm.
504 _aIncludes glossary and index.
650 _a1. Cookery, Australian.
700 _aMartin Web
942 _2ddc
_n0
_cBK-CIRC
_kCirc.
999 _c677
_d677